Řízení ekonomiky v socialistických zemích měsíční výběr z čs. a zahraničního tisku a literatury

Gespeichert in:
Bibliographische Detailangaben
Format: Schriftenreihe
Sprache:Tschechisch
Veröffentlicht: Praha Československá tisková kancelář 1970
Tags: Tag hinzufügen
Keine Tags, Fügen Sie das erste Tag hinzu!

MARC

LEADER 00000nas2a2200000 4500
001 0018741
005 20250730114402.5
041 0 |a cze 
044 |a CZ 
245 1 0 |a Řízení ekonomiky v socialistických zemích  |b měsíční výběr z čs. a zahraničního tisku a literatury 
264 1 |a Praha  |b Československá tisková kancelář  |c 1970 
300 |a 2 zv. 
773 0 |w eu_un_cat*0019384